| 000 | 00819nam a2200253 i 4500 | ||
|---|---|---|---|
| 001 | 55641 | ||
| 003 | ES-MaACL | ||
| 005 | 20240509092915.0 | ||
| 007 | t| | ||
| 008 | 030924s1987 sp |||| | spa d | ||
| 020 | _a8476580231 | ||
| 245 | 0 | 0 |
_aDespués de la modernidad _b: poesía española en sus distintas lenguas literarias / _c[selección y prólogo de] Julia Barella. |
| 250 | _a1ª ed. | ||
| 260 |
_aBarcelona : _bAnthropos, _c1987. |
||
| 300 |
_a211 p. ; _c20 cm. |
||
| 490 | 1 |
_aÁmbitos literarios. Poesía ; _v86 |
|
| 650 | 4 |
_aPoesías españolas- _yS.XX. _916221 |
|
| 650 | 4 |
_aPoesía catalana- _yS.XX _916206 |
|
| 700 | 1 |
_aBarella, Julia. _925616 |
|
| 830 | 0 |
_aÁmbitos literarios. _pPoesía ; _v86 _9177287 |
|
| 852 |
_aES-MaACL _jG-11036 |
||
| 942 | _2udc | ||
| 999 |
_c55641 _d55641 |
||